000 00494nam a22001937a 4500
999 _c8088
_d8088
003 BD-JhCC
005 20180218131600.0
008 180218b1373 bg ||||| |||| 00| 0 ben d
035 _a(BD-JhCC)
040 _aBD-JhCC
_dBD-JhCC
041 _aben
082 _a077.95492
_b1373
100 _aসওগাত ১৩৭৩
245 _aসওগাত ১৩৭৩ /
_cসওগাত ১৩৭৩
300 _a364 p. :
_c22 cm.
650 _aNewspaper
942 _2ddc
_cBK